| 000 | 00634nam a2200181 a 4500 | ||
|---|---|---|---|
| 005 | 20140414093841.0 | ||
| 008 | 071030s19uu xx uuu eng d | ||
| 050 |
_aCDR 370.1 _bQBM 2007c1 |
||
| 245 |
_aEconomics/business and management : _bIB questionbank. |
||
| 260 |
_aSl : _bIBO, _cc2007. |
||
| 300 | _a1 computerfile | ||
| 520 | _adatabase of examination questions, markschemes, syllabus guidance and examiner reports that meet the latest course requirements. | ||
| 650 | _aInternational Baccalaureate. | ||
| 650 |
_aEconomics _xquestion. |
||
| 650 |
_aBusiness and management _xquestion. |
||
| 942 | _cAVM | ||
| 999 |
_c109299 _d109299 |
||